| 000 | 01110nam0a22002771 4500 | ||
|---|---|---|---|
| 001 | rc\794389 | ||
| 005 | 20040301143702.3 | ||
| 035 | _a(NLR Aleph) 006319361 | ||
| 090 |
_a7435412 _c7435412 |
||
| 100 | _a20040301d1983 u |0rusy50 ca | ||
| 101 | 0 | _arus | |
| 102 | _aRU | ||
| 105 | _aa ||||||||| | ||
| 200 | 1 |
_aКритерии качества и оптимальный синтез систем управления _eЛекции _fВ.М. Ерофеев, В.М. Кушуль, М.С. Катков _gПод ред. В.М. Кушуля |
|
| 210 |
_aЛ. _cЛИАП _d1983 |
||
| 215 |
_a60 с. _cил. _d20 |
||
| 300 | _aВ надзаг.: Ленингр. ин-т авиац. приборостроения | ||
| 320 | _aБиблиогр.: с. 56-57 (17 назв.) | ||
| 700 | 1 |
_aЕрофеев _bВ. М. _f1922- _gВалентин Михайлович |
|
| 701 | 1 |
_aКушуль _bВ. М. _gВениамин Моисеевич |
|
| 701 | 1 |
_aКатков _bМ. С. _gМодест Сергеевич |
|
| 801 | 0 |
_aRU _bNLR _gpsbo |
|
| 801 | 1 |
_aRU _bELAR _2rusmarc |
|
| 852 |
_aNLR _j84-4/17115 |
||
| 942 | _cBOOK | ||
| 980 | _aNB | ||